| 000 | 00946nam a2200229Ia 4500 | ||
|---|---|---|---|
| 001 | 558 | ||
| 003 | GE_BSU | ||
| 008 | 181216s||||||||xx |||||||||||||| ||und|| | ||
| 010 | _a9789941146046 | ||
| 040 | _cGE_BSU | ||
| 080 | _a640.41(075.8)+640.40+338.488.2(075.8) | ||
| 100 | _aვასაძე,მ. | ||
| 245 | _aსასტუმროებისა და რესტორნების ბიზნეს ადმისტრირების პრაქტიკის კურსი | ||
| 245 | _cრედ. ჯანუაშვილი ე. | ||
| 260 | _aთბილისი | ||
| 260 | _bტექნიკური უნ-ტი | ||
| 260 | _c2009 | ||
| 300 | _a107 გვ. | ||
| 541 | _h8 ლ. | ||
| 653 | _aსასტუმროებისა დარესტორნების ბიზნეს ადმინისტრირების პრაქტიკის კურსი | ||
| 942 | _cBK | ||
| 999 |
_c34760 _d34760 |
||